ბათუმის შოთა რუსთაველის სახელმწიფო უნივერსიტეტის ბიბლიოთეკა

აჭარაში გავრცელებული ნოზოკომიური ინფექციების გამომწვევების გამოყოფა, იდენტიფიკაცია და ანტიბიოტიკორეზისტენტობის პროფილის შესწავლა / (ბიბ.ჩანაწერი № 52492)

000 -ლიდერი
ფიქსირებული სიგრძის საკონტროლო ველი 02336nam a2200265Ia 4500
001 - საკონტროლო ნომერი
საკონტროლო ველი 19515
003 - საკონტროლო ნომრის იდენტიფიკატორი
საკონტროლო ველი GE_BSU
005 - ბოლო ოპერაციის თარიღი და დრო
საკონტროლო ველი 20210330134218.0
008 - ფიქსირებული სიგრძის მონაცემთა ელემენტები - ზოგადი ინფორმაცია
ფიქსირებული სიგრძის საკონტროლო ველი 181216s2016||||ge |||||||||||||| ||geo||
040 ## - კატალოგიზაციის წყარო
Transcribing agency GE_BSU
041 ## - ენის კოდი
Language code of text/sound track or separate title geo
080 ## - უნივერსალური ათობითი კლასიფიკაციის ინდექსი
Universal Decimal Classification number 57 ქ-78
100 ## - მთავარი ჩანაწერი - პიროვნების სახელი
Personal name ქოიავა, თეა
9 (RLIN) 10843
245 ## - ცნობა სათაურის შესახებ
Title აჭარაში გავრცელებული ნოზოკომიური ინფექციების გამომწვევების გამოყოფა, იდენტიფიკაცია და ანტიბიოტიკორეზისტენტობის პროფილის შესწავლა /
Statement of responsibility, etc თეა, ქოიავა; სამეცნიერო ხელმძღვანელი ლეილა, ახვლედიანი; მარინა, თედიაშვილი; ბათუმის შოთა რუსთაველის სახელწიფო უნ–ტი; საბუნებისმეტყველო მეცნიერებათა და ჯანდაცვის ფაკულტ.ბიოლოგიის დეპარტამენტი.
250 ## - გამოცემის ცნობა
Edition statement საბუნებისმეტყველო მეცნიერებათა და ჯანდაცვის ფაკულტ.ბიოლოგიის დეპარტამენტი.
264 ## - წარმოების, გამოცემის, დისტრიბუციის და სხვა ცნობები
გამოცემის, წარმოების, დისტრიბუციის... ადგილი ბათუმი,
გამოცემის, წარმოების, დისტრიბუციის... თარიღი 2016.
300 ## - ფიზიკური აღწერა
Extent 132 გვ.;
Other physical details 30 სმ.
653 ## - INDEX TERM--UNCONTROLLED
Uncontrolled term ბიოლოგია
653 ## - INDEX TERM--UNCONTROLLED
Uncontrolled term დისერტაცია
653 ## - INDEX TERM--UNCONTROLLED
Uncontrolled term მიკრობიოლოგია
653 ## - INDEX TERM--UNCONTROLLED
Uncontrolled term აჭარაში გავრცელებული ნოზოკომიური ინფექციების გამომწვევების გამოყოფა, იდენტიფიკაცია და ანტიბიოტიკორეზისტენტობის პროფილის შესწავლა
700 ## - ADDED ENTRY--PERSONAL NAME
Personal name ახვლედიანი, ლეილა
Relator term სამეცნიერო ხელმძღვანელი
9 (RLIN) 9938
700 ## - ADDED ENTRY--PERSONAL NAME
Personal name თედიაშვილი, მარინა
Relator term სამეცნიერო ხელმძღვანელი
9 (RLIN) 10844
942 ## - ADDED ENTRY ELEMENTS (KOHA)
Koha item type წიგნი
Source of classification or shelving scheme
ეგზემპლარები
ჩამოწერის სტატუსი დაკარგული ეგზემპლარის სტატუსი კლასიფიკაციის წყარო ან თაროზე გაწყობის სქემა დაზიანების სტატუსი არ გაიცემა მუდმივი მდებარეობა (დაცვის ადგილი) ამჟამინდელი ადგილსამყოფელი თაროზე განთავსების ადგილი შეძენის თარიღი სრული შენახვის შიფრი შტრიხკოდი ბოლო ოპერაციის თარიღი ეგზემპლარის მიმდევრობითი ნომერი (კეტერი?) ფასის ძალაში შესვლის თარიღი ეგზემპლარის სახეობა საჯარო შენიშვნა
          ბათუმის შოთა რუსთაველის სახელმწიფო უნივერსიტეტის მთავარი ბიბლიოთეკა ბათუმის შოთა რუსთაველის სახელმწიფო უნივერსიტეტის მთავარი ბიბლიოთეკა წიგნსაცავი 2018-12-17 57 ქ-78 263 დისერტ. 2018-12-17 263 2018-12-17 დისერტაცია